Fruits in Tunisian arabic - Sudden death - Statistics

General Stats
  • This quiz has been taken 105 times
  • The average score is 5 of 15
Answers on the Grid
Answers color-coded by a green-red scale on the quiz's grid according to % correct below.
Tmatem
Digla
Karmous
Sfinarya
Tut
Tuffah
Bonjour
Dellea
Raksasa
Sen sefildir
Anab
Sabsab
Qaris
Romman
Hour
Mawz
Khoukh
Tamam
Uzuntu
Koran
Madalina
Zitoun
Khanfousa
Kiffe
Qisa
Banane
Batikha
Bordgana
Harqa
Tmar
Avam
Filfil
 
Answer Stats
Answer % Correct
Tmatem
70%
Digla
57%
Karmous
57%
Tuffah
54%
Tut
52%
Anab
39%
Khoukh
31%
Romman
31%
Dellea
30%
Tmar
24%
Madalina
22%
Zitoun
17%
Batikha
13%
Qaris
13%
Bordgana
9%
No matching quizzes found
Score Distribution
Percent of People with Each Score
Percentile by Number Answered
Your Score History
You have not taken this quiz